All Gatorade flavors - Statistics

General Stats
  • This quiz has been taken 59 times
  • The average score is 6 of 13
Answer Stats
Hint Answer % Correct
orange orange
98%
red fruit punch
82%
yellow lemon-lime
82%
purple grape
71%
bule cool blue
60%
white glacier cherry
53%
green green apple
47%
yellow lime
38%
yellow lemonade
18%
piss lime cucumber
16%
pink strawberry lemonade
11%
orange strawberry watermelon
11%
blue blue cherry
2%
No matching quizzes found
Score Distribution
Percent of People with Each Score
Percentile by Number Answered
Your Score History
You have not taken this quiz